Statistics for Daily Country Riddle #124

Click here to take the quiz!

General Stats

  • This quiz has been taken 67 times
  • The average score is 11 of 21

Answer Stats

TypeAnswer% Correct
Found LetterE
94%
Found LetterS
89%
Found LetterH
75%
Found LetterL
62%
Found LetterY
58%
Found LetterE
51%
Found LetterC
47%
Correctly Placed LetterC
47%
Found LetterE
47%
Correctly Placed LetterE
47%
Correctly Placed LetterE
47%
Correctly Placed LetterE
47%
Correctly Placed LetterH
47%
Correctly Placed LetterL
47%
Correctly Placed LetterL
47%
Found LetterL
47%
Found LetterS
47%
Correctly Placed LetterS
47%
Correctly Placed LetterS
47%
Mystery CountrySeychelles
47%
Correctly Placed LetterY
47%

Score Distribution

Percentile by Number Answered

Percent of People with Each Score

Your Score History

You have not taken this quiz